000 00704nam a22002297a 4500
003 OSt
005 20240510073820.0
008 210310b 2020 dr ac 00| 0 eng d
020 _a9781792336966
040 _aDO-SdBNP
_bspa
_cBNPHU
082 4 _a920.72
_bM425L
100 1 _aMateo, Simone
_978064
_d1969-
245 1 0 _aLa amada de Dios /
_cSimone Mateo.
260 _aSanto Domingo :
_bHoly Spirit Publishing,
_c2020.
300 _a114 p. :
_bil., retrs. ;
_c22 cm.
590 _aInventariado, 2021/MFF
600 1 4 _aMateo, Simone,
_d1969-
_978857
650 0 _aVida cristiana
_9668
651 4 _aRepública Dominicana
_vBiografías
_91083
910 _aValidado. Control de calidad
942 _2ddc
_cLBS1
999 _c49532
_d49532